|
|
|
|
| LEADER |
00000nam0a2200000 4500 |
| 001 |
273306 |
| 005 |
20250825092515.0 |
| 010 |
|
|
|a 5212002494
|
| 035 |
|
|
|a (RuTPU)RU\TPU\book\296515
|
| 090 |
|
|
|a 273306
|
| 100 |
|
|
|a 20141024d1990 m y0rusy50 ca
|
| 101 |
0 |
|
|a rus
|
| 102 |
|
|
|a RU
|
| 105 |
|
|
|a c z 000cb
|
| 200 |
1 |
|
|a Неподражаемый. Чарльз Диккенс-издатель и редактор
|e очерк
|f М. В. Урнов
|
| 210 |
|
|
|a Москва
|c Книга
|d 1990
|
| 215 |
|
|
|a 286 с.
|c портр.
|
| 333 |
|
|
|a Исключено из фонда НТБ ТПУ
|
| 600 |
|
1 |
|a Диккенс
|b Ч.
|c английский писатель
|f 1812-1870
|g Чарльз
|2 stltpush
|3 (RuTPU)RU\TPU\pers\9041
|9 1731
|
| 606 |
1 |
|
|a Английская литература
|x История и критика английской литературы
|2 stltpush
|3 (RuTPU)RU\TPU\subj\29043
|9 52455
|
| 610 |
1 |
|
|a очерки
|
| 610 |
1 |
|
|a английские писатели
|
| 610 |
1 |
|
|a издательская деятельность
|
| 610 |
1 |
|
|a редакторы
|
| 610 |
1 |
|
|a Англия
|
| 610 |
1 |
|
|a 19 век
|
| 675 |
|
|
|a 82(09)
|v 3
|
| 700 |
|
1 |
|a Урнов
|b М. В.
|g Михаил Васильевич
|
| 702 |
|
1 |
|a Лепилина
|b И. А.
|4 340
|
| 801 |
|
1 |
|a RU
|b 63413507
|c 20141024
|
| 801 |
|
2 |
|a RU
|b 63413507
|c 20220111
|g RCR
|
| 942 |
|
|
|c BK
|